Statistiques concernant Culture Générale - Série 2408

Cliquez ici pour prendre le quiz!

Statistiques générales

  • Ce quiz a été pris 152 fois
  • Le résultat moyen est 5 sur 10

Statistiques - réponses

QuestionRéponse% Correct
Dans quel pays peut-on admirer le temple d'Angkor Vat ?Cambodge
80%
Quel est le nom de la plus grande entreprise technologique de Corée du Sud?Samsung
80%
En quelle année le Titanic a-t-il coulé dans l'océan Atlantique le 15 avril, lors de son premier voyage au départ de Southampton?1912
78%
Quel est le nom du groupe musical composé de John Deacon, Brian May, Freddie Mercury, Roger Taylor?Queen
78%
Quel pays a remporté la Coupe du monde de football de 1982 en Espagne en battant l'Allemagne de l'Ouest 3-1?Italie
67%
Quel artiste a peint «l'étang aux nénuphars» en 1899? prénom et nomClaude Monet
49%
Sous quel pseudonyme connaissait-on mieux Georges Remi (1907-1983) ? Hergé
48%
Quelle actrice a joué Mary Poppins dans le film de 1964 Mary Poppins? prénom et nomJulie Andrews
23%
Quel acteur a incarné James Bond dans "On Her Majesty's Secret Service", sa seule apparition dans la série ? prénom et nomGeorge Lazenby
11%
Qui a inventé le gramophone de 1886 à 1889 ? prénom et nom - voir photoEmile Berliner
1%

Distribution des résultats

Percentile par nombre de réponses

% des personnes avec chaque résultat

Votre développement - résultats

Vous n’avez pas pris ce quiz